Statistics for Formula One Race Winning Countries

Click here to take the quiz!

General Stats

  • This quiz has been taken 22 times
  • The average score is 46 of 57

Answer Stats

# of VictoriesAnswerLast Race Win% Correct
43Australia2021 Italian Grand Prix
100%
101Brazil2009 Italian Grand Prix
100%
57Finland2021 Turkish Grand Prix
100%
81France2021 Hungarian Grand Prix
100%
179Germany2019 Singapore Grand Prix
100%
43Italy2006 Malaysian Grand Prix
100%
54Netherlands2023 Abu Dhabi Grand Prix
100%
308United Kingdom2022 São Paulo Grand Prix
100%
41Austria1997 German Grand Prix
95%
Ayrton Senna
95%
17Canada1997 Luxembourg Grand Prix
95%
7Colombia2005 Brazilian Grand Prix
95%
8Mexico2023 Azerbaijan Grand Prix
95%
5Monaco2022 Austrian Grand Prix
95%
1Poland2008 Canadian Grand Prix
95%
34Spain2023 Singapore Grand Prix
95%
33United States1978 Dutch Grand Prix
95%
38Argentina1981 Belgian Grand Prix
90%
Lewis Hamilton
90%
12New Zealand1974 Argentine Grand Prix
90%
10South Africa1979 Italian Grand Prix
90%
12Sweden1978 Austrian Grand Prix
90%
7Switzerland1979 British Grand Prix
90%
Michael Schumacher
86%
Sebastian Vettel
86%
Alain Prost
81%
Carlos Sainz Jr.
81%
Charles Leclerc
81%
Daniel Ricciardo
81%
Esteban Ocon
81%
Kimi Räikkönen
81%
Max Verstappen
81%
Rubens Barrichello
81%
11Belgium1990 Hungarian Grand Prix
76%
George Russell
76%
Niki Lauda
76%
Robert Kubica
76%
Sergio Pérez
76%
Valtteri Bottas
76%
1Venezuela2012 Spanish Grand Prix
76%
Fernando Alonso
71%
Gerhard Berger
71%
Jacques Villeneuve
71%
Jody Scheckter
71%
Pastor Maldonado
71%
Giancarlo Fisichella
67%
Jack Brabham
67%
Juan Manuel Fangio
67%
Juan Pablo Montoya
67%
Mario Andretti
67%
Alberto Ascari
57%
Carlos Reutemann
52%
Denny Hulme
52%
Jacky Ickx
52%
Ronnie Peterson
52%
Clay Regazzoni
48%
Thierry Boutsen
29%

Score Distribution

Percentile by Number Answered

Percent of People with Each Score

Your Score History

You have not taken this quiz